Things that are 'Magic' - Statistics

General Stats
  • This quiz has been taken 954 times
  • The average score is 9 of 20
Answer Stats
Hint Answer % Correct
Rabbits are usually pulled out of it Magic Hat
98%
What a magician waves around Magic Wand
97%
Retired basketball player, who is an HIV advocate. Magic Johnson
84%
A movie about male strippers Magic Mike
71%
A sphere that contains all the answers Magic 8-ball
68%
Theme park at Disney Magic Kingdom
59%
A digit that gives you luck Magic Number
52%
Children's show about a time-travelling bus The Magic Schoolbus
47%
Florida NBA team Orlando Magic
46%
The government in Harry Potter The Ministry of Magic
42%
Peter, Paul, & Mary song about drugs Puff the Magic Dragon
39%
A song by Santana Black Magic Woman
35%
Two part opera by Mozart The Magic Flute
33%
A song by Heart Magic Man
27%
Title/subtitle for mystical card game Magic: The Gathering
23%
A song by The Lovin' Spoonful. Do You Believe In Magic?
18%
The series that bronies watch My Little Pony: Friendship is Magic
17%
A song by The Police Every Little Thing She Does Is Magic
16%
British foundation to promote magic tricks. The Magic Circle
13%
Black Keys album Magic Potion
4%
No matching quizzes found
Score Distribution
Percent of People with Each Score
Percentile by Number Answered
Your Score History
You have not taken this quiz